Membres de la famille royale britannique - Statistiques

Statistiques générales
  • Ce quiz a été pris 2 361 fois
  • Le résultat moyen est 15 sur 21
Statistiques - réponses
Membres de la famille % Correct
Charles : Sa Majesté Le Roi
99%
Elizabeth : Sa Majesté La Reine
99%
Diana, Princesse de Galles
98%
Prince Henry, Duc de Sussex
96%
William : Son Altesse Prince de Galles
94%
Catherine : Son Altesse Princesse de Galles
93%
Meghan, Duchesse du Sussex
89%
Son Altesse Camilla, Reine consort
87%
Philip : Son Altesse le Duc d'Édimbourg
84%
Son Altesse Prince George de Galles
83%
Son Altesse Princesse Charlotte de Galles
81%
Son Altesse Prince Louis de Galles
77%
Anne: Son Altesse la Princesse Royale
73%
Andrew : Duc de York
63%
Archie Mountbatten-Windsor
62%
Edward : Son Altesse Comte du Wessex
59%
Lilibet Mountbatten-Windsor
58%
Sarah : Duchesse de York
35%
Sophie : Son Altesse Comtesse du Wessex
29%
Mark Phillips
24%
Sir Timothy Laurence
21%
Aucun quiz correspondant
Distribution des résultats
% des personnes avec chaque résultat
Percentile par nombre de réponses
Votre historique - résultats
Vous n’avez pas pris ce quiz